[Event "Russian Championship (Rapid, Women)"]
[Site "Sochi"]
[Date "2018.10.05"]
[Round "4.6"]
[White "Baraeva, Marina"]
[Black "Charochkina, Daria"]
[Result "1/2-1/2"]
[BlackElo "2360"]
[WhiteElo "2204"]
[LiveChessVersion "1.4.8"]

1. d4 {[%clk 0:15:15]} d5 {[%clk 0:14:28]} 2. Nf3 {[%clk 0:15:23]} Nf6
{[%clk 0:14:37]} 3. c4 {[%clk 0:15:32]} c6 {[%clk 0:14:47]} 4. Nc3
{[%clk 0:15:39]} e6 {[%clk 0:14:56]} 5. cxd5 {[%clk 0:15:43]} exd5
{[%clk 0:15:05]} 6. Bg5 {[%clk 0:15:48]} Nbd7 {[%clk 0:15:09]} 7. e3
{[%clk 0:15:55]} h6 {[%clk 0:15:18]} 8. Bh4 {[%clk 0:16:04]} g5 {[%clk 0:15:26]}
9. Bg3 {[%clk 0:16:12]} Nh5 {[%clk 0:15:35]} 10. Bd3 {[%clk 0:14:51]} Nxg3
{[%clk 0:15:38]} 11. hxg3 {[%clk 0:14:58]} Bg7 {[%clk 0:15:14]} 12. Qc2
{[%clk 0:14:58]} Qe7 {[%clk 0:15:17]} 13. Qe2 {[%clk 0:13:47]} Nb6
{[%clk 0:15:06]} 14. Nd2 {[%clk 0:13:43]} Be6 {[%clk 0:14:29]} 15. Nb3
{[%clk 0:13:45]} Nc4 {[%clk 0:12:02]} 16. Nc5 {[%clk 0:13:03]} Nd6
{[%clk 0:11:59]} 17. Rc1 {[%clk 0:13:03]} b6 {[%clk 0:11:19]} 18. Nxe6
{[%clk 0:12:20]} Qxe6 {[%clk 0:11:28]} 19. Na4 {[%clk 0:12:28]} Rc8
{[%clk 0:11:28]} 20. g4 {[%clk 0:12:33]} O-O {[%clk 0:11:11]} 21. O-O
{[%clk 0:12:36]} f5 {[%clk 0:09:38]} 22. gxf5 {[%clk 0:11:58]} Nxf5
{[%clk 0:09:47]} 23. Bxf5 {[%clk 0:11:46]} Rxf5 {[%clk 0:08:44]} 24. Qg4
{[%clk 0:11:10]} Qf7 {[%clk 0:08:44]} 25. Nc3 {[%clk 0:09:28]} Rf8
{[%clk 0:08:30]} 26. Nd1 {[%clk 0:09:03]} h5 {[%clk 0:05:56]} 27. Qg3
{[%clk 0:09:08]} Qd7 {[%clk 0:05:57]} 28. b4 {[%clk 0:07:11]} R8f7
{[%clk 0:04:13]} 29. Nb2 {[%clk 0:06:55]} Re7 {[%clk 0:02:38]} 30. Rc2
{[%clk 0:05:14]} Re6 {[%clk 0:01:58]} 31. Nd3 {[%clk 0:04:28]} Kh7
{[%clk 0:01:35]} 32. b5 {[%clk 0:04:27]} c5 {[%clk 0:01:09]} 33. dxc5
{[%clk 0:04:10]} Qxb5 {[%clk 0:01:18]} 34. Rd1 Rc6 35. Qb8 {[%clk 0:02:47]} Qa4
{[%clk 0:00:36]} 36. Rdd2 {[%clk 0:02:50]} bxc5 {[%clk 0:00:30]} 37. Nxc5
{[%clk 0:02:51]} Qa3 {[%clk 0:00:16]} 38. Nb3 {[%clk 0:01:40]} Rxc2
{[%clk 0:00:18]} 39. Rxc2 {[%clk 0:01:49]} Rf8 {[%clk 0:00:26]} 40. Qb7
{[%clk 0:01:44]} a5 {[%clk 0:00:14]} 41. Nd4 {[%clk 0:01:21]} Qb4
{[%clk 0:00:18]} 42. Qxb4 {[%clk 0:00:59]} axb4 {[%clk 0:00:27]} 43. Rc7
{[%clk 0:01:08]} Kg6 {[%clk 0:00:21]} 44. Rb7 {[%clk 0:00:21]} Bxd4
{[%clk 0:00:20]} 45. exd4 {[%clk 0:00:30]} Ra8 {[%clk 0:00:29]} 46. Rxb4
{[%clk 0:00:37]} Rxa2 {[%clk 0:00:38]} 47. Rb5 {[%clk 0:00:47]} Ra1+
{[%clk 0:00:26]} 48. Kh2 {[%clk 0:00:55]} Ra2 {[%clk 0:00:20]} 49. Kg3
{[%clk 0:00:42]} h4+ {[%clk 0:00:19]} 50. Kf3 {[%clk 0:00:46]} g4+
{[%clk 0:00:15]} 51. Kxg4 {[%clk 0:00:30]} Rxf2 {[%clk 0:00:24]} 52. Rxd5
{[%clk 0:00:28]} Rxg2+ {[%clk 0:00:32]} 53. Kxh4 {[%clk 0:00:37]} Kf6
{[%clk 0:00:36]} 54. Kh3 {[%clk 0:00:46]} Re2 {[%clk 0:00:31]} 55. Kg3
{[%clk 0:00:54]} Ke6 {[%clk 0:00:38]} 56. Rd8 {[%clk 0:01:02]} Ra2
{[%clk 0:00:37]} 57. Kf3 {[%clk 0:01:09]} Ke7 {[%clk 0:00:43]} 58. Rd5
{[%clk 0:01:16]} Ra1 {[%clk 0:00:50]} 59. Rh5 {[%clk 0:01:15]} Re1
{[%clk 0:00:30]} 60. Rh6 {[%clk 0:01:18]} Kd7 {[%clk 0:00:33]} 61. Kf4
{[%clk 0:01:25]} Ra1 {[%clk 0:00:20]} 62. Ke5 {[%clk 0:01:22]} Re1+
{[%clk 0:00:15]} 63. Kd5 {[%clk 0:01:30]} Rg1 {[%clk 0:00:20]} 64. Rh7+
{[%clk 0:01:36]} Kd8 {[%clk 0:00:28]} 65. Ke6 {[%clk 0:01:26]} Rg6+
{[%clk 0:00:26]} 66. Kf5 {[%clk 0:01:32]} Rg1 {[%clk 0:00:34]} 67. d5
{[%clk 0:01:33]} Re1 {[%clk 0:00:37]} 68. Kf6 {[%clk 0:01:33]} Ke8
{[%clk 0:00:37]} 69. Ra7 {[%clk 0:01:22]} Re2 {[%clk 0:00:42]} 70. Rb7
{[%clk 0:01:07]} Re1 {[%clk 0:00:47]} 71. Ra7 {[%clk 0:01:02]} Re2
{[%clk 0:00:55]} 72. d6 {[%clk 0:01:07]} Kd8 {[%clk 0:00:48]} 73. Re7
{[%clk 0:01:10]} Rf2+ {[%clk 0:00:52]} 74. Ke6 {[%clk 0:01:12]} Re2+
{[%clk 0:00:54]} 75. Kf7 {[%clk 0:01:20]} Rf2+ {[%clk 0:01:03]} 76. Ke6
{[%clk 0:01:28]} 1/2-1/2

[Event "Russian Championship (Rapid, Women)"]
[Site "Sochi"]
[Date "2018.10.05"]
[Round "4.7"]
[White "Bodnaruk, Anastasia"]
[Black "Potapova, Margarita"]
[Result "1-0"]
[BlackElo "2151"]
[WhiteElo "2479"]
[LiveChessVersion "1.4.8"]

1. e4 {[%clk 0:15:19]} c5 {[%clk 0:15:18]} 2. Nf3 {[%clk 0:15:22]} d6
{[%clk 0:15:27]} 3. d4 {[%clk 0:15:31]} cxd4 {[%clk 0:15:36]} 4. Nxd4
{[%clk 0:15:40]} Nf6 {[%clk 0:15:45]} 5. Nc3 {[%clk 0:15:49]} a6 {[%clk 0:15:54]}
6. g3 {[%clk 0:15:54]} e5 {[%clk 0:15:45]} 7. Nde2 {[%clk 0:15:58]} Nbd7
{[%clk 0:15:18]} 8. Bg2 {[%clk 0:16:06]} b5 {[%clk 0:15:05]} 9. h3
{[%clk 0:16:06]} Bb7 {[%clk 0:15:05]} 10. g4 {[%clk 0:16:00]} b4 {[%clk 0:14:08]}
11. Nd5 {[%clk 0:16:09]} Nxd5 {[%clk 0:14:16]} 12. exd5 {[%clk 0:16:18]} a5
{[%clk 0:14:07]} 13. O-O {[%clk 0:16:15]} Be7 {[%clk 0:14:16]} 14. Ng3
{[%clk 0:16:02]} Ba6 {[%clk 0:13:41]} 15. Re1 {[%clk 0:16:00]} O-O
{[%clk 0:13:21]} 16. Nf5 {[%clk 0:15:41]} Rc8 {[%clk 0:11:54]} 17. a3
{[%clk 0:15:26]} Bb5 {[%clk 0:10:34]} 18. axb4 {[%clk 0:15:28]} axb4
{[%clk 0:10:43]} 19. b3 {[%clk 0:13:59]} Re8 {[%clk 0:08:55]} 20. Bd2
{[%clk 0:11:50]} Bf8 21. Bxb4 {[%clk 0:11:51]} Nc5 {[%clk 0:08:44]} 22. Ng3
{[%clk 0:10:20]} g6 {[%clk 0:07:32]} 23. c4 {[%clk 0:09:37]} Bd7 {[%clk 0:07:30]}
24. Bxc5 {[%clk 0:08:22]} Rxc5 {[%clk 0:07:28]} 25. Ne4 {[%clk 0:06:45]} Rc7
{[%clk 0:07:17]} 26. Ra6 {[%clk 0:06:14]} Bc8 {[%clk 0:07:10]} 27. Ra8
{[%clk 0:05:57]} f5 {[%clk 0:06:02]} 28. Ng3 {[%clk 0:05:06]} Qg5
{[%clk 0:05:18]} 29. gxf5 {[%clk 0:04:15]} gxf5 {[%clk 0:05:20]} 30. Qh5
{[%clk 0:04:11]} Qxh5 {[%clk 0:04:26]} 31. Nxh5 {[%clk 0:04:21]} Kf7
{[%clk 0:04:19]} 32. Ng3 {[%clk 0:03:55]} Rb7 {[%clk 0:02:59]} 33. Bf3
{[%clk 0:03:38]} Rd8 {[%clk 0:02:21]} 34. Bd1 {[%clk 0:02:50]} Be7
{[%clk 0:01:48]} 35. Bc2 {[%clk 0:01:27]} e4 {[%clk 0:01:39]} 36. Rea1
{[%clk 0:00:58]} Rg8 {[%clk 0:01:22]} 37. Kf1 {[%clk 0:00:39]} f4
{[%clk 0:00:41]} 38. Nxe4 {[%clk 0:00:39]} f3 {[%clk 0:00:42]} 39. Ke1
{[%clk 0:00:16]} Bxh3 {[%clk 0:00:26]} 40. Rxg8 {[%clk 0:00:23]} Kxg8
{[%clk 0:00:34]} 41. Ng3 {[%clk 0:00:14]} Bh4 {[%clk 0:00:34]} 42. Ne4
{[%clk 0:00:17]} Re7 {[%clk 0:00:35]} 43. Kd2 {[%clk 0:00:21]} Bxf2
{[%clk 0:00:34]} 44. Nxd6 {[%clk 0:00:14]} Re2+ {[%clk 0:00:34]} 45. Kc3
{[%clk 0:00:22]} Bg3 {[%clk 0:00:34]} 46. Ra8+ {[%clk 0:00:26]} Kg7
{[%clk 0:00:40]} 47. Ra7+ {[%clk 0:00:16]} Kf6 {[%clk 0:00:14]} 48. Ne4+
{[%clk 0:00:13]} Rxe4 {[%clk 0:00:14]} 49. Bxe4 {[%clk 0:00:22]} f2
{[%clk 0:00:19]} 50. Bd3 {[%clk 0:00:30]} h5 {[%clk 0:00:13]} 51. c5
{[%clk 0:00:21]} f1=Q {[%clk 0:00:13]} 52. Bxf1 {[%clk 0:00:30]} Bxf1
{[%clk 0:00:21]} 53. c6 {[%clk 0:00:19]} h4 {[%clk 0:00:12]} 54. Rh7
{[%clk 0:00:16]} Bg2 {[%clk 0:00:13]} 55. c7 {[%clk 0:00:16]} Bh3
{[%clk 0:00:14]} 56. Kc4 {[%clk 0:00:14]} Bf5 {[%clk 0:00:21]} 57. Kc5
{[%clk 0:00:13]} Bxc7 {[%clk 0:00:14]} 58. Rxc7 {[%clk 0:00:19]} h3
{[%clk 0:00:22]} 59. Kd4 {[%clk 0:00:14]} Bg4 {[%clk 0:00:13]} 60. b4
{[%clk 0:00:13]} Bf3 {[%clk 0:00:14]} 61. Rh7 {[%clk 0:00:20]} Bg2
{[%clk 0:00:18]} 62. b5 {[%clk 0:00:25]} Kg6 {[%clk 0:00:26]} 63. Rh8
{[%clk 0:00:32]} 1-0

[Event "Russian Championship (Rapid, Women)"]
[Site "Sochi"]
[Date "2018.10.05"]
[Round "4.8"]
[White "Bivol, Alina"]
[Black "Zherebtsova, Alexandra"]
[Result "1-0"]
[BlackElo "2137"]
[WhiteElo "2322"]
[LiveChessVersion "1.4.8"]

1. Nf3 {[%clk 0:15:18]} d5 {[%clk 0:15:19]} 2. g3 {[%clk 0:15:27]} g6
{[%clk 0:15:27]} 3. Bg2 {[%clk 0:15:35]} Bg7 {[%clk 0:15:36]} 4. d4
{[%clk 0:15:44]} Nf6 {[%clk 0:15:43]} 5. O-O {[%clk 0:15:51]} O-O
{[%clk 0:15:19]} 6. Nbd2 {[%clk 0:15:59]} Na6 {[%clk 0:12:55]} 7. c4
{[%clk 0:15:49]} dxc4 {[%clk 0:12:59]} 8. Nxc4 {[%clk 0:15:50]} c5
{[%clk 0:13:00]} 9. dxc5 {[%clk 0:15:38]} Nxc5 {[%clk 0:12:53]} 10. Be3
{[%clk 0:15:37]} Nce4 {[%clk 0:12:06]} 11. Nd4 {[%clk 0:15:38]} Qd5
{[%clk 0:11:25]} 12. Rc1 {[%clk 0:15:00]} Ng4 {[%clk 0:10:03]} 13. Nb3
{[%clk 0:13:17]} Qxd1 {[%clk 0:08:49]} 14. Rfxd1 {[%clk 0:13:21]} Nxe3
{[%clk 0:08:57]} 15. Nxe3 {[%clk 0:13:28]} f5 {[%clk 0:05:55]} 16. Rc7
{[%clk 0:13:14]} Re8 {[%clk 0:04:43]} 17. Nd5 {[%clk 0:11:43]} Be6
{[%clk 0:03:01]} 18. Nxe7+ {[%clk 0:10:52]} Kf8 {[%clk 0:03:08]} 19. Nd5
{[%clk 0:10:40]} Rad8 {[%clk 0:00:42]} 20. Ne3 {[%clk 0:10:49]} Rb8
{[%clk 0:00:50]} 21. Bxe4 {[%clk 0:10:47]} fxe4 {[%clk 0:00:59]} 22. Nc5
{[%clk 0:10:56]} Bxb2 {[%clk 0:00:29]} 23. Rxh7 {[%clk 0:09:02]} Kg8
{[%clk 0:00:14]} 24. Rxb7 {[%clk 0:08:30]} Rxb7 {[%clk 0:00:23]} 25. Nxb7
{[%clk 0:08:39]} Rb8 {[%clk 0:00:32]} 26. Nc5 {[%clk 0:07:35]} Bxa2
{[%clk 0:00:40]} 27. Rd7 {[%clk 0:07:28]} a5 {[%clk 0:00:17]} 28. Ra7
{[%clk 0:07:14]} Bc3 {[%clk 0:00:18]} 29. Nxe4 {[%clk 0:07:18]} Bb4
{[%clk 0:00:25]} 30. Nf6+ {[%clk 0:07:16]} 1-0

[Event "Russian Championship (Rapid, Women)"]
[Site "Sochi"]
[Date "2018.10.05"]
[Round "4.9"]
[White "Diakonova, Ekaterina"]
[Black "Guseva, Marina"]
[Result "0-1"]
[BlackElo "2320"]
[WhiteElo "2111"]
[LiveChessVersion "1.4.8"]

1. e4 {[%clk 0:14:01]} c6 {[%clk 0:15:18]} 2. d4 {[%clk 0:14:10]} d5
{[%clk 0:15:25]} 3. exd5 {[%clk 0:14:18]} cxd5 {[%clk 0:15:33]} 4. Bd3
{[%clk 0:14:27]} Nc6 {[%clk 0:15:42]} 5. c3 {[%clk 0:14:28]} Nf6 {[%clk 0:15:44]}
6. Ne2 {[%clk 0:14:36]} Bg4 {[%clk 0:15:46]} 7. O-O {[%clk 0:14:45]} e6
{[%clk 0:15:46]} 8. Qe1 {[%clk 0:14:35]} Bxe2 {[%clk 0:15:53]} 9. Qxe2
{[%clk 0:14:39]} Be7 {[%clk 0:15:58]} 10. f4 {[%clk 0:14:15]} O-O
{[%clk 0:15:50]} 11. Nd2 {[%clk 0:14:24]} Re8 {[%clk 0:14:57]} 12. Nf3
{[%clk 0:14:28]} Bf8 {[%clk 0:14:57]} 13. Ne5 {[%clk 0:13:48]} g6
{[%clk 0:15:04]} 14. Bd2 {[%clk 0:13:46]} Bg7 {[%clk 0:15:11]} 15. Kh1
{[%clk 0:12:14]} Nd7 {[%clk 0:15:04]} 16. Rae1 {[%clk 0:12:16]} f5
{[%clk 0:14:12]} 17. Nxd7 {[%clk 0:11:58]} Qxd7 {[%clk 0:14:20]} 18. g4
{[%clk 0:12:07]} a6 {[%clk 0:14:01]} 19. g5 {[%clk 0:11:29]} Nd8 {[%clk 0:12:15]}
20. h4 {[%clk 0:10:52]} Nf7 {[%clk 0:12:15]} 21. h5 {[%clk 0:09:24]} Nd6
{[%clk 0:12:21]} 22. Kg2 {[%clk 0:09:27]} Ne4 {[%clk 0:12:28]} 23. Rh1
{[%clk 0:08:27]} b5 {[%clk 0:12:24]} 24. Rh3 {[%clk 0:08:12]} Reb8
{[%clk 0:11:40]} 25. Reh1 {[%clk 0:08:02]} Kf7 {[%clk 0:11:28]} 26. hxg6+
{[%clk 0:05:30]} hxg6 {[%clk 0:11:36]} 27. Rh7 {[%clk 0:05:39]} Rh8
{[%clk 0:11:28]} 28. Rxh8 {[%clk 0:05:05]} Bxh8 {[%clk 0:10:23]} 29. Be3
{[%clk 0:04:39]} Bg7 {[%clk 0:10:29]} 30. Qd1 {[%clk 0:04:23]} Rb8
{[%clk 0:10:25]} 31. Rh7 {[%clk 0:03:33]} Qc6 {[%clk 0:09:51]} 32. Qh1
{[%clk 0:03:24]} Rg8 {[%clk 0:09:58]} 33. Qd1 {[%clk 0:02:33]} Nd6
{[%clk 0:08:55]} 34. Bc1 {[%clk 0:02:07]} Rb8 {[%clk 0:08:56]} 35. Qh1
{[%clk 0:02:10]} Ne8 {[%clk 0:07:21]} 36. a3 {[%clk 0:01:35]} Kg8
{[%clk 0:07:27]} 37. Rh3 {[%clk 0:01:31]} Nd6 {[%clk 0:07:31]} 38. Rh7
{[%clk 0:01:40]} Qc7 {[%clk 0:07:19]} 39. Rh3 {[%clk 0:01:36]} Ne4
{[%clk 0:07:21]} 40. Qe1 {[%clk 0:01:41]} Qd6 {[%clk 0:06:20]} 41. Be3
{[%clk 0:01:42]} Qc7 {[%clk 0:05:59]} 42. Be2 {[%clk 0:01:39]} Bf8
{[%clk 0:05:57]} 43. Qh1 {[%clk 0:01:33]} Bg7 {[%clk 0:05:43]} 44. Qe1
{[%clk 0:01:30]} a5 {[%clk 0:05:26]} 45. Qh4 {[%clk 0:01:36]} Kf7
{[%clk 0:05:22]} 46. Bd3 {[%clk 0:01:17]} Qb6 {[%clk 0:05:19]} 47. Bxe4
{[%clk 0:01:08]} fxe4 {[%clk 0:04:26]} 48. f5 {[%clk 0:01:18]} exf5
{[%clk 0:04:21]} 49. Bf4 {[%clk 0:01:27]} Rh8 {[%clk 0:03:22]} 50. Qg3
{[%clk 0:01:37]} Rxh3 {[%clk 0:03:26]} 51. Qxh3 {[%clk 0:01:46]} Qe6
{[%clk 0:03:28]} 52. Qh7 {[%clk 0:01:43]} Kf8 {[%clk 0:03:32]} 53. Kf2
{[%clk 0:01:53]} Qf7 {[%clk 0:02:53]} 54. Ke3 {[%clk 0:01:55]} Bxd4+
{[%clk 0:03:01]} 0-1

[Event "Russian Championship (Rapid, Women)"]
[Site "Sochi"]
[Date "2018.10.05"]
[Round "4.10"]
[White "Kovanova, Baira"]
[Black "Semenova, Elena"]
[Result "1-0"]
[BlackElo "2147"]
[WhiteElo "2317"]
[LiveChessVersion "1.4.8"]

1. c4 {[%clk 0:15:17]} Nf6 {[%clk 0:15:17]} 2. Nc3 {[%clk 0:15:25]} e6
{[%clk 0:15:26]} 3. g3 {[%clk 0:15:10]} d5 {[%clk 0:15:30]} 4. Bg2
{[%clk 0:15:05]} d4 {[%clk 0:15:20]} 5. Nb5 {[%clk 0:14:33]} c6 {[%clk 0:15:09]}
6. Na3 {[%clk 0:14:40]} e5 {[%clk 0:14:36]} 7. d3 {[%clk 0:14:43]} Be7
{[%clk 0:11:34]} 8. Nf3 {[%clk 0:14:33]} Nbd7 {[%clk 0:11:34]} 9. O-O
{[%clk 0:13:57]} O-O {[%clk 0:11:41]} 10. Nc2 {[%clk 0:14:05]} a5
{[%clk 0:11:45]} 11. b3 {[%clk 0:13:17]} Rb8 {[%clk 0:11:00]} 12. e3
{[%clk 0:10:53]} c5 {[%clk 0:09:03]} 13. exd4 {[%clk 0:10:53]} cxd4
{[%clk 0:08:49]} 14. Re1 {[%clk 0:10:57]} Bd6 {[%clk 0:08:52]} 15. Na3
{[%clk 0:10:17]} Re8 {[%clk 0:08:35]} 16. Nb5 {[%clk 0:10:21]} Bb4
{[%clk 0:08:40]} 17. Bd2 {[%clk 0:09:45]} Bf8 {[%clk 0:07:06]} 18. Qc2
{[%clk 0:08:42]} b6 {[%clk 0:07:01]} 19. Re2 {[%clk 0:07:18]} Ba6
{[%clk 0:06:55]} 20. a4 {[%clk 0:06:42]} Bxb5 {[%clk 0:05:47]} 21. axb5
{[%clk 0:06:50]} Qc7 {[%clk 0:05:49]} 22. Rae1 {[%clk 0:06:45]} h6
{[%clk 0:05:05]} 23. Nh4 {[%clk 0:06:27]} Rbd8 {[%clk 0:04:24]} 24. Qb1
{[%clk 0:06:20]} Bb4 {[%clk 0:04:07]} 25. Bxb4 {[%clk 0:05:33]} axb4
{[%clk 0:04:16]} 26. Nf3 {[%clk 0:05:01]} Nh7 {[%clk 0:04:03]} 27. Nxd4
{[%clk 0:04:54]} Nc5 {[%clk 0:04:07]} 28. Nc6 {[%clk 0:04:58]} Rxd3
{[%clk 0:02:17]} 29. Be4 {[%clk 0:04:19]} Rxb3 {[%clk 0:01:53]} 30. Bxh7+
{[%clk 0:04:28]} Kh8 {[%clk 0:02:03]} 31. Qf5 {[%clk 0:04:31]} e4
{[%clk 0:01:15]} 32. Rd1 {[%clk 0:03:54]} Ra8 {[%clk 0:00:40]} 33. Red2
{[%clk 0:03:40]} Rd3 {[%clk 0:00:34]} 34. Ne5 {[%clk 0:03:15]} Rxd2
{[%clk 0:00:32]} 35. Rxd2 {[%clk 0:03:25]} Rf8 {[%clk 0:00:23]} 36. Bg6
{[%clk 0:02:45]} f6 {[%clk 0:00:17]} 37. Nf7+ {[%clk 0:02:06]} Kg8
{[%clk 0:00:16]} 38. Nd6 {[%clk 0:02:14]} Rd8 {[%clk 0:00:19]} 39. Nxe4
{[%clk 0:01:56]} Rxd2 {[%clk 0:00:22]} 40. Nxd2 {[%clk 0:02:04]} b3
{[%clk 0:00:29]} 41. Qb1 {[%clk 0:01:38]} Qe5 {[%clk 0:00:20]} 42. Nxb3
{[%clk 0:01:34]} Ne6 {[%clk 0:00:25]} 43. Qe4 {[%clk 0:01:20]} Qd6
{[%clk 0:00:34]} 44. Qa8+ {[%clk 0:01:23]} Nd8 {[%clk 0:00:43]} 45. Qd5+
{[%clk 0:01:30]} 1-0

[Event "Russian Championship (Rapid, Women)"]
[Site "Sochi"]
[Date "2018.10.05"]
[Round "4.11"]
[White "Kabanova, Ekaterina"]
[Black "Tomilova, Elena"]
[Result "0-1"]
[BlackElo "2275"]
[WhiteElo "2118"]
[LiveChessVersion "1.4.8"]

1. c4 {[%clk 0:15:18]} e5 {[%clk 0:15:19]} 2. e3 {[%clk 0:15:26]} Nf6
{[%clk 0:15:22]} 3. a3 {[%clk 0:15:35]} c6 {[%clk 0:15:17]} 4. Qc2
{[%clk 0:15:12]} d5 {[%clk 0:15:16]} 5. d3 {[%clk 0:15:11]} Bd6 {[%clk 0:15:18]}
6. Nd2 {[%clk 0:15:20]} O-O {[%clk 0:15:24]} 7. Ngf3 {[%clk 0:15:22]} Re8
{[%clk 0:15:27]} 8. e4 {[%clk 0:15:24]} a5 {[%clk 0:15:27]} 9. c5
{[%clk 0:15:29]} Bf8 {[%clk 0:15:13]} 10. Rb1 {[%clk 0:15:38]} Na6
{[%clk 0:14:18]} 11. b4 {[%clk 0:15:36]} axb4 {[%clk 0:14:19]} 12. axb4
{[%clk 0:15:45]} b6 {[%clk 0:14:15]} 13. Be2 {[%clk 0:12:56]} bxc5
{[%clk 0:14:05]} 14. bxc5 {[%clk 0:13:05]} Nxc5 {[%clk 0:13:30]} 15. O-O
{[%clk 0:13:13]} Ba6 {[%clk 0:11:48]} 16. Re1 {[%clk 0:13:04]} dxe4
{[%clk 0:11:14]} 17. dxe4 {[%clk 0:12:16]} Nd3 {[%clk 0:10:16]} 18. Rf1
{[%clk 0:11:06]} Nb4 {[%clk 0:06:34]} 19. Qd1 {[%clk 0:11:14]} Bxe2
{[%clk 0:06:24]} 20. Qxe2 {[%clk 0:11:22]} Qd3 {[%clk 0:06:22]} 21. Qxd3
{[%clk 0:10:02]} Nxd3 {[%clk 0:06:31]} 22. Rb3 {[%clk 0:10:05]} Red8
{[%clk 0:05:36]} 23. Bb2 {[%clk 0:09:30]} Ng4 {[%clk 0:04:26]} 24. h3
{[%clk 0:02:43]} Ngxf2 {[%clk 0:04:34]} 25. Kh2 {[%clk 0:00:18]} f6
{[%clk 0:04:18]} 26. Bc3 {[%clk 0:00:13]} Bc5 {[%clk 0:03:29]} 27. Kg3
{[%clk 0:00:12]} Be3 {[%clk 0:02:44]} 28. h4 {[%clk 0:00:18]} Bf4# 0-1

[Event "Russian Championship (Rapid, Women)"]
[Site "Sochi"]
[Date "2018.10.05"]
[Round "4.12"]
[White "Maletina, Tatiana"]
[Black "Tomashevskaya, Lidia"]
[Result "1-0"]
[BlackElo "2107"]
[WhiteElo "2246"]
[LiveChessVersion "1.4.8"]

1. d4 {[%clk 0:15:18]} d5 {[%clk 0:15:14]} 2. c4 {[%clk 0:15:27]} c6
{[%clk 0:15:21]} 3. Nf3 {[%clk 0:15:35]} Nf6 {[%clk 0:15:28]} 4. Qc2
{[%clk 0:15:44]} a6 {[%clk 0:15:32]} 5. Nbd2 {[%clk 0:15:43]} Bg4
{[%clk 0:15:27]} 6. Ne5 {[%clk 0:14:27]} Bh5 {[%clk 0:14:49]} 7. cxd5
{[%clk 0:13:30]} Qxd5 {[%clk 0:14:33]} 8. e3 {[%clk 0:13:32]} e6 {[%clk 0:14:34]}
9. Qb3 {[%clk 0:13:03]} Qxb3 {[%clk 0:14:19]} 10. axb3 {[%clk 0:13:08]} Nbd7
{[%clk 0:14:23]} 11. Nd3 {[%clk 0:11:51]} O-O-O {[%clk 0:13:35]} 12. f3
{[%clk 0:11:35]} Nd5 {[%clk 0:11:36]} 13. Nc4 {[%clk 0:11:17]} c5
{[%clk 0:10:36]} 14. e4 {[%clk 0:11:21]} Nc7 {[%clk 0:09:46]} 15. Be3
{[%clk 0:11:05]} cxd4 {[%clk 0:09:53]} 16. Bxd4 {[%clk 0:11:11]} Nb5
{[%clk 0:09:59]} 17. Be3 {[%clk 0:11:08]} f6 {[%clk 0:09:24]} 18. Kf2
{[%clk 0:08:20]} Kb8 {[%clk 0:09:02]} 19. Be2 {[%clk 0:07:23]} e5
{[%clk 0:05:43]} 20. Rhd1 {[%clk 0:06:35]} Bf7 {[%clk 0:04:09]} 21. Ndxe5
{[%clk 0:05:52]} fxe5 {[%clk 0:03:50]} 22. Nxe5 {[%clk 0:05:58]} Be6
{[%clk 0:03:32]} 23. Bxb5 {[%clk 0:06:06]} Nxe5 {[%clk 0:01:52]} 24. Rxd8+
{[%clk 0:06:11]} Kc7 {[%clk 0:02:02]} 25. Re8 {[%clk 0:05:57]} axb5
{[%clk 0:01:08]} 26. Rxe6 {[%clk 0:06:05]} Bd6 {[%clk 0:01:13]} 27. Rd1
{[%clk 0:05:49]} Nf7 {[%clk 0:00:58]} 28. Rexd6 {[%clk 0:05:40]} Nxd6
{[%clk 0:01:05]} 29. Bf4 {[%clk 0:05:49]} Rd8 {[%clk 0:00:52]} 30. Ke3
{[%clk 0:05:54]} Kc6 {[%clk 0:00:58]} 31. Rxd6+ {[%clk 0:06:02]} Rxd6
{[%clk 0:01:07]} 32. Bxd6 {[%clk 0:06:11]} 1-0

[Event "Russian Championship (Rapid, Women)"]
[Site "Sochi"]
[Date "2018.10.05"]
[Round "5.1"]
[White "Ambartsumova, Karina"]
[Black "Voit, Daria"]
[Result "1-0"]
[BlackElo "2355"]
[WhiteElo "2327"]
[LiveChessVersion "1.4.8"]

1. c4 {[%clk 0:15:16]} c5 {[%clk 0:15:13]} 2. Nf3 {[%clk 0:14:56]} Nc6
{[%clk 0:15:22]} 3. Nc3 {[%clk 0:14:54]} e5 {[%clk 0:15:13]} 4. g3
{[%clk 0:14:40]} d6 {[%clk 0:15:06]} 5. Bg2 {[%clk 0:14:46]} g6 {[%clk 0:15:14]}
6. O-O {[%clk 0:14:43]} Bg7 {[%clk 0:15:15]} 7. Ne1 {[%clk 0:14:16]} h5
{[%clk 0:15:06]} 8. h3 {[%clk 0:12:45]} Be6 {[%clk 0:15:11]} 9. d3
{[%clk 0:12:46]} Qd7 {[%clk 0:14:33]} 10. Kh2 {[%clk 0:12:13]} f5
{[%clk 0:13:58]} 11. Nf3 h4 {[%clk 0:13:08]} 12. Nxh4 {[%clk 0:09:45]} Bf6
{[%clk 0:12:54]} 13. Nxg6 {[%clk 0:09:28]} Rh7 {[%clk 0:12:53]} 14. Nd5
{[%clk 0:09:20]} f4 {[%clk 0:09:06]} 15. Nxf6+ {[%clk 0:07:57]} Nxf6
{[%clk 0:09:14]} 16. Nh4 {[%clk 0:08:00]} O-O-O {[%clk 0:06:44]} 17. e3
{[%clk 0:07:47]} Rg8 {[%clk 0:03:12]} 18. exf4 Rxh4 19. gxh4 {[%clk 0:06:12]}
Rxg2+ {[%clk 0:03:25]} 20. Kxg2 {[%clk 0:06:17]} Bxh3+ {[%clk 0:03:25]} 21. Kh1
{[%clk 0:03:39]} Qh7 {[%clk 0:03:22]} 22. Qe1 {[%clk 0:01:57]} Nd4
{[%clk 0:02:06]} 23. f3 {[%clk 0:02:05]} Nc2 {[%clk 0:01:34]} 24. Qf2
{[%clk 0:01:56]} Nxa1 {[%clk 0:01:32]} 25. Rd1 Qh5 {[%clk 0:00:33]} 26. fxe5
{[%clk 0:01:30]} Qxe5 {[%clk 0:00:31]} 27. Bg5 {[%clk 0:01:26]} Qf5
{[%clk 0:00:19]} 28. Bxf6 {[%clk 0:01:01]} Qxf6 {[%clk 0:00:23]} 29. Rxa1
{[%clk 0:01:09]} Bf5 {[%clk 0:00:30]} 30. Rd1 {[%clk 0:00:58]} Bg4
{[%clk 0:00:30]} 31. Kg2 {[%clk 0:00:49]} Bh5 {[%clk 0:00:33]} 32. Rd2
{[%clk 0:00:40]} a6 {[%clk 0:00:28]} 33. Qg3 {[%clk 0:00:42]} Qe7
{[%clk 0:00:25]} 34. Kf2 {[%clk 0:00:36]} Kb8 {[%clk 0:00:19]} 35. Qg5
{[%clk 0:00:31]} Qf7 {[%clk 0:00:28]} 36. Qg3 {[%clk 0:00:28]} Ka7
{[%clk 0:00:33]} 37. Re2 {[%clk 0:00:33]} Qf6 {[%clk 0:00:41]} 38. Kg2
{[%clk 0:00:30]} Qd4 {[%clk 0:00:44]} 39. Rd2 {[%clk 0:00:22]} Qe3
{[%clk 0:00:51]} 40. Qf2 Qf4 {[%clk 0:00:42]} 41. Re2 {[%clk 0:00:32]} Qf5
{[%clk 0:00:41]} 42. d4 {[%clk 0:00:32]} Qg6+ {[%clk 0:00:41]} 43. Kh2
{[%clk 0:00:32]} Qf5 {[%clk 0:00:41]} 44. dxc5 {[%clk 0:00:32]} dxc5
{[%clk 0:00:49]} 45. Kg3 {[%clk 0:00:30]} Qg6+ {[%clk 0:00:48]} 46. Kh2
{[%clk 0:00:39]} Qf5 {[%clk 0:00:56]} 47. Kg2 {[%clk 0:00:46]} Qg6+
{[%clk 0:01:02]} 48. Qg3 {[%clk 0:00:39]} Qd3 {[%clk 0:01:10]} 49. Re4
{[%clk 0:00:34]} a5 {[%clk 0:00:51]} 50. Qf2 {[%clk 0:00:39]} b6 {[%clk 0:00:58]}
51. Qe2 {[%clk 0:00:37]} Qd6 {[%clk 0:00:59]} 52. Re6 {[%clk 0:00:34]} Qf4
{[%clk 0:00:55]} 53. Qe4 {[%clk 0:00:36]} Qd2+ {[%clk 0:00:41]} 54. Kg3
{[%clk 0:00:42]} 1-0